| 000 | 00957nam a2200253 i 4500 | ||
|---|---|---|---|
| 001 | 186026 | ||
| 003 | SpMaBN | ||
| 005 | 20250804062552.0 | ||
| 008 | 160905s1985 sp |||| | spa d | ||
| 020 | _a84-206-0088-1 | ||
| 080 | _a52"17" | ||
| 100 | 1 |
_aMaupertuis, Pierre Louis Moreau de. _9160709 |
|
| 245 | 1 | 3 |
_aEl orden verosímil del cosmos / _cP.L. Moreau de Maupertuis ; traducción, introducción y notas de Antonio Lafuente y José Luis Peset. |
| 260 |
_aMadrid : _bAlianza Editorial, _c[1985] |
||
| 300 |
_a195 p. ; _c18 cm. |
||
| 490 | 1 |
_aEl Libro de bolsillo ; _v1088. Ciencia y técnica |
|
| 504 | _aReferencias bibliográficas. | ||
| 650 |
_aAstronomía- _vObras anteriores a 1800. _910389 |
||
| 700 | 1 |
_aLafuente, Antonio. _969529 |
|
| 700 | 1 |
_aPeset, José Luis. _991433 |
|
| 830 | 0 | 3 |
_aEl libro de bolsillo _v1088. Ciencia y técnica _9177802 |
| 852 |
_aES-MaACL _jL-30624 _z. - Donat. Miguel A. Velasco |
||
| 999 |
_c186026 _d186026 |
||